Железисто-кремнистые формации Украинского щита. Т. 2: Докембрий III (Запись № 5248605)

Подробности
000 -МАРКЕР
контрольное поле 01381nam2a22003011 4500
001 - ИДЕНТИФИКАТОР ЗАПИСИ
контрольное поле rc\2138239
005 - ИДЕНТИФИКАТОР ВЕРСИИ
контрольное поле 20260407140046.0
035 ## - ДРУГИЕ СИСТЕМНЫЕ НОМЕРА
Идентификатор записи (NLR Aleph) 006701465
100 ## - ДАННЫЕ ОБЩЕЙ ОБРАБОТКИ
Данные общей обработки 20110829d1978 |||y0rusy50 ca
101 0# - ЯЗЫК РЕСУРСА
Язык текста, звукозаписи и т.д. русский
102 ## - СТРАНА ПУБЛИКАЦИИ ИЛИ ПРОИЗВОДСТВА
Страна публикации Российская Федерация
105 ## - ПОЛЕ КОДИРОВАННЫХ ДАННЫХ: ТЕКСТОВЫЕ МАТЕРИАЛЫ, МОНОГРАФИЧЕСКИЕ
Кодированные данные о монографическом текстовом документе a z |||||
200 1# - ЗАГЛАВИЕ И СВЕДЕНИЯ ОБ ОТВЕТСТВЕННОСТИ
Основное заглавие Докембрий III
Первые сведения об ответственности [Н.П. Семененко, И.Н. Бордунов, Н.И. Половко и др.]
210 ## - ПУБЛИКАЦИЯ, РАСПРОСТРАНЕНИЕ И ДР.
Дата издания, распространения и т.д. 1978
Место издания, распространения и т.д. Б. м.
215 ## - ФИЗИЧЕСКАЯ ХАРАКТЕРИСТИКА
Специфическое обозначение материала и объем 367 с., 3 л. ил.
Другие сведения о физической характеристике ил.
300 ## - ОБЩИЕ ПРИМЕЧАНИЯ
Текст примечания Рез. англ.
320 ## - ПРИМЕЧАНИЯ О НАЛИЧИИ В ДОКУМЕНТЕ БИБЛИОГРАФИИ / УКАЗАТЕЛЯ
Текст примечания Библиогр.: с. 356-364
461 #0 - УРОВЕНЬ НАБОРА
Встроенное поле 001rc\2138237
-- 2001#$aЖелезисто-кремнистые формации Украинского щита$eВ 2-х т.$f[Отв. ред. Н.П. Семененко]$vТ. 2
Системный номер (АБИС) связанной записи 5248589
Место публикации Киев
Дата публикации 1978-
Первые сведения об ответственности [Отв. ред. Н.П. Семененко]
Имя издателя, распространителя и т.д. Наук. думка
Сведения, относящиеся к заглавию В 2-х т.
Заглавие Железисто-кремнистые формации Украинского щита
Номер тома Т. 2
701 #1 - ИМЯ ЛИЦА - АЛЬТЕРНАТИВНАЯ ОТВЕТСТВЕННОСТЬ
Начальный элемент ввода Бордунов
Часть имени, кроме начального элемента ввода И.Н.
701 #1 - ИМЯ ЛИЦА - АЛЬТЕРНАТИВНАЯ ОТВЕТСТВЕННОСТЬ
Начальный элемент ввода Половко
Часть имени, кроме начального элемента ввода Н.И.
701 #1 - ИМЯ ЛИЦА - АЛЬТЕРНАТИВНАЯ ОТВЕТСТВЕННОСТЬ
Начальный элемент ввода Семененко
Часть имени, кроме начального элемента ввода Н.П.
Расширение инициалов личного имени Николай Пантелеймонович
712 02 - НАИМЕНОВАНИЕ ОРГАНИЗАЦИИ - ВТОРИЧНАЯ ОТВЕТСТВЕННОСТЬ
Начальный элемент ввода Институт геохимии и физики минералов
Идентифицирующий признак Киев
Идентификатор авторитетной/нормативной записи RU\NLR\AUTH\8810005371
Системный номер авторитетной/нормативной записи 508103
801 #0 - ИСТОЧНИК ЗАПИСИ
Страна Российская Федерация
Организация NLR
Правила каталогизации psbo
801 #1 - ИСТОЧНИК ЗАПИСИ
Страна Российская Федерация
Организация ELAR
Источник данных rusmarc
852 ## - МЕСТОНАХОЖДЕНИЕ И ШИФР ХРАНЕНИЯ
Идентификатор организации NLR
Шифр хранения (Call Number) 78-7/1520
942 ## - ДОПОЛНИТЕЛЬНЫЕ ЭЛЕМЕНТЫ ЗАПИСИ (АБИС)
Тип экземпляра АБИС Книга
980 ## - КОЛЛЕКЦИЯ
Название коллекции Национальная библиография
Экземпляры
Тип экземпляра Дата поступления Библиотека постоянного хранения Библиотека текущего хранения Место хранения Шифр хранения Штрих-код Статус экземпляра
Книга 26.10.2013 РНБ (Московский) РНБ (Московский) Русский книжный фонд: издания с 1957 года 78-7/1520 6701465-10